[Event "Club 608 Online 1 - Open B (-1600)"]
[Date "2021.04.10"]
[Round "4.14"]
[White "Rodionov, Vadim"]
[Black "Guillou, Paul"]
[Result "1-0"]
[BlackCountry "FRA"]
[BlackElo "1157"]
[BlackFideId "551031140"]
[WhiteCountry "FRA"]
[WhiteElo "1254"]
[WhiteFideId "45195943"]

{Clock started by White.} 1. d4 {[%clk 0:50:08.8]} d5 {[%clk 0:50:08.3]} 2. c4 {[%clk 0:50:17.3]} e6 {[%clk 0:50:15.9]} 3. Nc3 {[%clk 0:50:18.6]} Nf6 {[%clk 0:50:22.0]} 4. Bg5 {[%clk 0:50:25.7]} Nbd7 {[%clk 0:50:26.6]} 5. e3 {[%clk 0:50:32.6]} Nb6 {[%clk 0:50:29.1]} 6. cxd5 {[%clk 0:50:32.3]} exd5 {[%clk 0:50:34.3]} 7. Nf3 {[%clk 0:50:35.4]} Bb4 {[%clk 0:50:36.9]} 8. Bd3 {[%clk 0:50:41.8]} h6 {[%clk 0:50:36.1]} 9. Bh4 {[%clk 0:50:49.2]} Be6 {[%clk 0:45:35.5]} 10. 0-0 {[%clk 0:44:54.4]} Be7 {[%clk 0:44:07.4]} 11. Rc1 {[%clk 0:44:43.7]} a6 {[%clk 0:43:57.6]} 12. Qd2 {[%clk 0:44:32.0]} Bg4 {[%clk 0:43:30.2]} 13. Ne5 {[%clk 0:44:30.7]} h5 {[%clk 0:41:51.8]} 14. Ne2 {[%clk 0:44:04.8]} Nbd7 {[%clk 0:41:37.5]} 15. Nxd7 {[%clk 0:44:03.1]} Nxd7 {[%clk 0:41:12.2]} 16. Bxe7 {[%clk 0:44:00.9]} Qxe7 {[%clk 0:41:20.1]} 17. Rxc7 {[%clk 0:44:07.2]} Qd6 {[%clk 0:40:35.9]} 18. Rfc1 {[%clk 0:44:05.6]} Kd8 {[%clk 0:40:26.7]} 19. Rxb7 {[%clk 0:43:56.1]} h4 {[%clk 0:40:13.2]} 20. Qa5+ {[%clk 0:43:34.4]} Ke8 {[%clk 0:40:07.8]} 21. Qc7 {[%clk 0:43:32.9]} h3 {[%clk 0:40:00.1]} 22. Qxd6 {[%clk 0:42:06.6]} {Black Resigned} 1-0

[Event "Club 608 Online 1 - Open B (-1600)"]
[Date "2021.04.10"]
[Round "4.15"]
[White "Tu, Léonie"]
[Black "Nicolas, Quentin"]
[Result "1/2-1/2"]
[BlackElo "1099"]
[WhiteElo "1217"]

1. e4 {[%clk 0:50:10.0]} d5 {[%clk 0:50:08.2]} 2. exd5 {[%clk 0:50:11.4]} Nf6 {[%clk 0:50:16.1]} 3. d4 {[%clk 0:49:12.8]} Nxd5 {[%clk 0:50:10.9]} 4. Nf3 {[%clk 0:48:23.5]} g6 {[%clk 0:49:30.7]} 5. Bc4 {[%clk 0:46:19.3]} Nb6 {[%clk 0:49:00.9]} 6. Bb3 {[%clk 0:45:34.6]} Bg7 {[%clk 0:48:28.2]} 7. Be3 {[%clk 0:44:24.1]} 0-0 {[%clk 0:43:39.6]} 8. Qd2 {[%clk 0:42:16.2]} Nc6 {[%clk 0:41:03.9]} 9. Nc3 {[%clk 0:40:09.2]} a5 {[%clk 0:38:43.7]} 10. a3 {[%clk 0:37:54.6]} a4 {[%clk 0:35:32.6]} 11. Ba2 {[%clk 0:37:35.1]} Nd7 {[%clk 0:33:50.3]} 12. 0-0-0 {[%clk 0:35:27.4]} Nf6 {[%clk 0:31:21.4]} 13. Bh6 {[%clk 0:32:26.8]} e6 {[%clk 0:31:07.4]} 14. Bxg7 {[%clk 0:31:21.1]} Kxg7 {[%clk 0:31:14.6]} 15. h4 {[%clk 0:31:00.9]} h6 {[%clk 0:27:56.2]} 16. Rdg1 {[%clk 0:29:30.3]} h5 {[%clk 0:25:31.2]} 17. d5 {[%clk 0:23:22.8]} exd5 {[%clk 0:24:02.4]} 18. Nxd5 {[%clk 0:22:58.6]} Be6 {[%clk 0:22:29.9]} 19. Nxf6 {[%clk 0:18:50.7]} Qxd2+ {[%clk 0:19:16.1]} 20. Nxd2 {[%clk 0:18:23.6]} Kxf6 {[%clk 0:19:12.4]} 21. Ne4+ {[%clk 0:18:00.0]} Ke7 {[%clk 0:18:15.2]} 22. Bxe6 {[%clk 0:17:26.5]} fxe6 {[%clk 0:18:13.0]} 23. Re1 {[%clk 0:17:29.9]} e5 {[%clk 0:17:14.0]} 24. f3 {[%clk 0:17:14.3]} Ra5 {[%clk 0:16:07.3]} 25. Nf2 {[%clk 0:16:11.0]} Ke6 {[%clk 0:13:16.4]} 26. Nd3 {[%clk 0:14:41.0]} Re8 {[%clk 0:11:13.5]} 27. Re4 {[%clk 0:13:55.7]} Rd8 {[%clk 0:07:26.3]} 28. g3 {[%clk 0:10:26.6]} Kf6 {[%clk 0:04:11.1]} 29. Rhe1 {[%clk 0:09:38.9]} Rd4 {[%clk 0:03:00.0]} 30. R4e3 {[%clk 0:08:56.1]} Rd8 {[%clk 0:02:22.9]} 31. f4 {[%clk 0:07:58.4]} exf4 {[%clk 0:01:57.2]} 32. Nxf4 {[%clk 0:07:37.5]} Re5 {[%clk 0:01:36.2]} 33. Rxe5 {[%clk 0:06:43.4]} Nxe5 {[%clk 0:01:44.8]} 34. Re4 {[%clk 0:06:13.6]} c6 {[%clk 0:00:57.5]} 35. Rxa4 {[%clk 0:05:28.0]} Ng4 {[%clk 0:00:45.8]} 36. Re4 {[%clk 0:05:00.0]} Nf2 {[%clk 0:00:26.1]} 37. Re6+ {[%clk 0:05:01.1]} Kf7 {[%clk 0:00:34.8]} 38. Re1 {[%clk 0:04:31.2]} Ng4 {[%clk 0:00:20.4]} 39. b4 {[%clk 0:04:15.3]} Ra8 {[%clk 0:00:18.4]} 40. Kb2 {[%clk 0:04:17.8]} Rd8 {[%clk 0:00:24.3]} 41. Nd3 {[%clk 0:03:54.1]} Re8 {[%clk 0:00:18.5]} 42. Rxe8 {[%clk 0:03:43.8]} Kxe8 {[%clk 0:00:27.3]} 43. Nc5 {[%clk 0:03:45.7]} b6 {[%clk 0:00:35.2]} 44. Ne6 {[%clk 0:03:49.9]} Ke7 {[%clk 0:00:31.3]} 45. Nd4 {[%clk 0:03:47.7]} Kd6 {[%clk 0:00:35.0]} 46. c4 {[%clk 0:03:45.6]} Ne3 {[%clk 0:00:42.0]} 47. Kc3 {[%clk 0:03:03.8]} Nf1 {[%clk 0:00:49.8]} 48. Ne2 {[%clk 0:03:09.5]} Ke5 {[%clk 0:00:41.1]} 49. c5 {[%clk 0:02:39.4]} b5 {[%clk 0:00:48.1]} 50. Nd4 {[%clk 0:02:38.0]} Kd5 {[%clk 0:00:47.3]} 51. Ne2 {[%clk 0:02:33.3]} Ke5 {[%clk 0:00:54.5]} 52. Kd3 {[%clk 0:02:33.7]} Nh2 {[%clk 0:00:36.6]} 53. Nf4 {[%clk 0:02:32.0]} Kf5 {[%clk 0:00:18.5]} 54. Kd4 {[%clk 0:02:29.6]} Nf3+ {[%clk 0:00:22.3]} 55. Ke3 {[%clk 0:02:25.9]} Ne5 {[%clk 0:00:30.3]} 56. Ne2 {[%clk 0:02:02.7]} Nc4+ {[%clk 0:00:37.2]} 57. Kf3 {[%clk 0:02:05.9]} Nxa3 {[%clk 0:00:18.3]} 58. Nd4+ {[%clk 0:02:12.5]} Kf6 {[%clk 0:00:20.9]} 59. Nxc6 {[%clk 0:02:18.7]} Nc2 {[%clk 0:00:28.0]} 60. Kf4 {[%clk 0:02:15.4]} Ne1 {[%clk 0:00:18.4]} 61. Ke4 {[%clk 0:02:06.8]} Nc2 {[%clk 0:00:22.8]} 62. Nd4 {[%clk 0:02:05.0]} Nxb4 {[%clk 0:00:30.6]} 63. Nxb5 {[%clk 0:02:09.4]} Ke7 {[%clk 0:00:27.8] Black offered a draw.} 64. Nd4 {[%clk 0:01:58.0]} Na6 {[%clk 0:00:19.6]} 65. c6 {[%clk 0:01:54.6]} Nc7 {[%clk 0:00:27.7]} 66. Ke5 {[%clk 0:01:55.0]} Kf7 {[%clk 0:00:18.7]} 67. Kd6 {[%clk 0:01:42.3]} Ne8+ {[%clk 0:00:27.1]} 68. Kc5 {[%clk 0:01:33.2]} Nc7 {[%clk 0:00:28.9]} 69. Kb6 {[%clk 0:01:34.9]} Nd5+ {[%clk 0:00:35.9]} 70. Kb7 {[%clk 0:01:34.5]} Kf6 {[%clk 0:00:44.2]} 71. c7 {[%clk 0:01:34.1]} Nxc7 {[%clk 0:00:52.4]} 72. Kxc7 {[%clk 0:01:42.7]} Ke5 {[%clk 0:01:01.1]} 73. Nc6+ {[%clk 0:01:45.5]} Kf5 {[%clk 0:01:09.2]} 74. Ne7+ {[%clk 0:01:51.4]} Kf6 {[%clk 0:01:16.3]} 75. Kd6 {[%clk 0:01:49.6]} g5 {[%clk 0:01:25.1]} 76. Nd5+ {[%clk 0:01:49.1]} Kf5 {[%clk 0:01:28.6]} 77. Ne3+ {[%clk 0:01:39.9]} Kf6 {[%clk 0:01:24.8]} 78. hxg5+ {[%clk 0:01:40.9]} Kxg5 {[%clk 0:01:32.7]} 79. Ng2 {[%clk 0:01:03.7]} Kg4 {[%clk 0:01:38.8]} 80. Nf4 {[%clk 0:01:09.2]} Kxg3 {[%clk 0:01:46.2]} 81. Nxh5+ {[%clk 0:01:17.7]} {Draw by Insufficient Material} 1/2-1/2

[Event "Club 608 Online 1 - Open B (-1600)"]
[Date "2021.04.10"]
[Round "4.17"]
[White "Bonnet, Lucas"]
[Black "Guillaume, Gérard"]
[Result "1-0"]
[BlackElo "1335"]
[Termination "time forfeit"]
[WhiteElo "1199"]

{Clock started by Black. Black stopped clock for 238 seconds.} 1. d4 {[%clk 0:49:15.8]} Nf6 {[%clk 0:49:50.6]} 2. Nf3 {[%clk 0:49:06.5]} d5 {[%clk 0:48:48.1]} 3. c4 {[%clk 0:49:01.6]} e6 {[%clk 0:47:35.7]} 4. Nc3 {[%clk 0:48:29.9]} Be7 {[%clk 0:47:21.3]} 5. h3 {[%clk 0:46:47.4]} 0-0 {[%clk 0:47:05.5]} 6. Bf4 {[%clk 0:45:52.9]} c5 {[%clk 0:45:43.3]} 7. e3 {[%clk 0:41:17.6]} cxd4 {[%clk 0:43:03.1]} 8. exd4 {[%clk 0:40:14.0]} Nc6 {[%clk 0:40:51.2]} 9. Be2 {[%clk 0:35:21.2]} dxc4 {[%clk 0:38:08.7]} 10. Bxc4 {[%clk 0:34:33.1]} a6 {[%clk 0:36:24.2]} 11. 0-0 {[%clk 0:34:31.9]} b5 {[%clk 0:35:00.1]} 12. Bb3 {[%clk 0:33:03.8]} Na5 {[%clk 0:32:42.8]} 13. Rc1 {[%clk 0:29:18.4]} Nxb3 {[%clk 0:31:44.9]} 14. Qxb3 {[%clk 0:29:18.8]} Bb7 {[%clk 0:29:58.8]} 15. Ne2 {[%clk 0:28:10.3]} Bd5 {[%clk 0:28:08.7]} 16. Qe3 {[%clk 0:26:11.1]} Bxa2 {[%clk 0:25:49.3]} 17. b3 {[%clk 0:24:36.7]} Nd5 {[%clk 0:23:51.8]} 18. Qd3 {[%clk 0:23:38.2]} Nb4 {[%clk 0:22:18.2]} 19. Qe3 {[%clk 0:22:30.6]} Qd5 {[%clk 0:18:40.3]} 20. Nd2 {[%clk 0:21:47.5]} Rfc8 {[%clk 0:17:06.6]} 21. Rc3 {[%clk 0:17:13.3]} a5 {[%clk 0:14:43.9]} 22. Rfc1 {[%clk 0:13:03.5]} Rxc3 {[%clk 0:13:14.8]} 23. Nxc3 {[%clk 0:12:42.6]} Qd8 {[%clk 0:12:41.2]} 24. Nxb5 {[%clk 0:12:29.8]} Nd5 {[%clk 0:11:30.1]} 25. Qg3 {[%clk 0:11:17.8]} Nxf4 {[%clk 0:10:37.6]} 26. Qxf4 {[%clk 0:11:19.4]} Bg5 {[%clk 0:09:36.9]} 27. Qf3 {[%clk 0:09:58.1]} Bxd2 {[%clk 0:09:35.5]} 28. Rc2 {[%clk 0:10:00.9]} Bxb3 {[%clk 0:08:35.2]} 29. Qxb3 {[%clk 0:09:35.6]} Bb4 {[%clk 0:07:21.6]} 30. Qf3 {[%clk 0:09:14.1]} Qd5 {[%clk 0:05:43.0]} 31. Qe2 {[%clk 0:07:14.3]} Rb8 {[%clk 0:05:05.4]} 32. Nc7 {[%clk 0:05:40.7]} Qxd4 {[%clk 0:04:26.1]} 33. g3 {[%clk 0:03:23.8]} Rc8 {[%clk 0:01:36.2]} 34. Nxe6 {[%clk 0:02:45.1]} Qa1+ {[%clk 0:01:12.2]} 35. Kg2 {[%clk 0:02:29.1]} Rxc2 {[%clk 0:01:04.1]} 36. Qxc2 {[%clk 0:02:17.6]} fxe6 {[%clk 0:00:59.4]} 37. Qc8+ {[%clk 0:01:49.0]} Kf7 {[%clk 0:00:59.3]} 38. Qd7+ {[%clk 0:01:57.7]} Be7 {[%clk 0:00:16.1]} 39. Qd2 {[%clk 0:01:26.3]} {Black Loss on Time} 1-0

[Event "Club 608 Online 1 - Open B (-1600)"]
[Date "2021.04.10"]
[Round "4.18"]
[White "Leclercq, Robin"]
[Black "Jouandet, Alfons"]
[Result "0-1"]
[BlackElo "1199"]
[WhiteElo "1392"]

1. d4 {[%clk 0:50:10.0]} d5 {[%clk 0:49:51.2]} 2. c4 {[%clk 0:50:17.3]} e5 {[%clk 0:49:33.4]} 3. dxe5 {[%clk 0:50:06.7]} d4 {[%clk 0:49:09.2]} 4. Nf3 {[%clk 0:50:01.0]} Nc6 {[%clk 0:48:49.1]} 5. g3 {[%clk 0:50:04.9]} Bc5 {[%clk 0:48:13.8]} 6. Bg2 {[%clk 0:50:07.2]} Be6 {[%clk 0:47:51.6]} 7. 0-0 {[%clk 0:49:45.3]} Bxc4 {[%clk 0:47:08.7]} 8. Nbd2 {[%clk 0:49:23.9]} Be6 {[%clk 0:47:04.3]} 9. Ne4 {[%clk 0:48:56.8]} Qd5 {[%clk 0:46:35.2]} 10. Nxc5 {[%clk 0:48:02.1]} Qxc5 {[%clk 0:46:22.7]} 11. b3 {[%clk 0:46:18.7]} Bf5 {[%clk 0:44:31.8]} 12. Bb2 {[%clk 0:44:17.6]} 0-0-0 {[%clk 0:42:47.9]} 13. Rc1 {[%clk 0:44:10.0]} Qb6 {[%clk 0:42:17.9]} 14. Rc4 {[%clk 0:40:34.0]} d3 {[%clk 0:39:25.1]} 15. e4 {[%clk 0:38:43.7]} Be6 {[%clk 0:36:18.0]} 16. Rc3 {[%clk 0:38:23.3]} Qa6 {[%clk 0:34:35.5]} 17. a4 {[%clk 0:37:31.6]} Nge7 {[%clk 0:32:45.9]} 18. Ng5 {[%clk 0:37:04.3]} Nxe5 {[%clk 0:30:48.0]} 19. Rc5 {[%clk 0:35:58.0]} Nd7 {[%clk 0:29:12.0]} 20. Rc3 {[%clk 0:33:58.3]} Nb6 {[%clk 0:27:18.0]} 21. Nxe6 {[%clk 0:33:30.7]} fxe6 {[%clk 0:26:20.5]} 22. Qg4 {[%clk 0:33:21.9]} Rd6 {[%clk 0:25:13.7]} 23. Ba3 {[%clk 0:32:55.3]} Rd7 {[%clk 0:24:14.7]} 24. Qxe6 {[%clk 0:32:31.0]} Nc6 {[%clk 0:22:20.3]} 25. e5 {[%clk 0:30:41.2]} d2 {[%clk 0:21:18.4]} 26. Bf3 {[%clk 0:28:24.9]} Nd4 {[%clk 0:20:13.8]} 27. Bxb7+ {[%clk 0:25:31.5]} Kxb7 {[%clk 0:19:24.3]} 28. Qg4 {[%clk 0:25:38.0]} Ne2+ {[%clk 0:18:41.5]} 29. Kg2 {[%clk 0:25:26.8]} Nxc3 {[%clk 0:18:22.6]} 30. Qf3+ {[%clk 0:25:21.1]} Kb8 {[%clk 0:17:55.2]} {White Resigned} 0-1

[Event "Club 608 Online 1 - Open B (-1600)"]
[Date "2021.04.10"]
[Round "4.19"]
[White "Nouni, Rayane"]
[Black "Migus, Ethan"]
[Result "0-1"]
[BlackElo "1102"]
[BlackFideId "551047954"]
[WhiteElo "1151"]

{Clock started by Black.} 1. e4 {[%clk 0:50:05.5]} d5 {[%clk 0:50:07.9]} 2. exd5 {[%clk 0:50:12.1]} Nf6 {[%clk 0:50:13.8]} 3. c4 {[%clk 0:50:17.2]} c6 {[%clk 0:50:19.1]} 4. Nc3 {[%clk 0:50:22.4]} cxd5 {[%clk 0:50:15.6]} 5. cxd5 {[%clk 0:50:29.0]} Nxd5 {[%clk 0:50:18.4]} 6. Nxd5 {[%clk 0:50:35.0]} Qxd5 {[%clk 0:50:25.2]} 7. Nf3 {[%clk 0:50:39.8]} e5 {[%clk 0:50:02.6]} 8. d3 {[%clk 0:50:40.0]} Nc6 {[%clk 0:48:28.5]} 9. Be2 {[%clk 0:50:43.6]} Bc5 {[%clk 0:48:04.9]} 10. 0-0 {[%clk 0:50:47.0]} 0-0 {[%clk 0:48:12.1]} 11. Be3 {[%clk 0:50:47.0]} Re8 {[%clk 0:44:24.4]} 12. Re1 {[%clk 0:48:58.8]} b6 {[%clk 0:42:17.7]} 13. Qb3 {[%clk 0:46:06.7]} Qxb3 {[%clk 0:40:08.7]} 14. axb3 {[%clk 0:46:04.5]} Be6 {[%clk 0:40:03.0]} 15. Bxc5 {[%clk 0:46:04.7]} bxc5 {[%clk 0:40:09.2]} 16. Rac1 {[%clk 0:46:10.3]} Rac8 {[%clk 0:37:50.7]} 17. Rxc5 {[%clk 0:43:11.2]} f6 {[%clk 0:37:04.3]} 18. h3 {[%clk 0:41:32.3]} Nd4 {[%clk 0:36:52.6]} 19. Rxc8 {[%clk 0:41:30.0]} Nxf3+ {[%clk 0:36:37.7]} 20. Bxf3 {[%clk 0:41:27.9]} Rxc8 {[%clk 0:36:45.6]} 21. d4 {[%clk 0:40:59.6]} Bxb3 {[%clk 0:36:14.5]} 22. dxe5 {[%clk 0:39:53.4]} Re8 {[%clk 0:36:14.7]} 23. Re3 {[%clk 0:39:43.6]} Bf7 {[%clk 0:34:37.2]} 24. exf6 {[%clk 0:39:03.5]} Rxe3 {[%clk 0:34:41.0]} 25. fxe3 {[%clk 0:39:09.4]} gxf6 {[%clk 0:34:49.3]} 26. Kf2 {[%clk 0:39:14.3]} Kf8 {[%clk 0:34:55.7]} 27. e4 {[%clk 0:39:20.9]} Ke7 {[%clk 0:31:59.9]} 28. Ke3 {[%clk 0:39:15.9]} Bg6 {[%clk 0:31:53.1]} 29. Bg4 {[%clk 0:39:05.6]} Kd6 {[%clk 0:31:57.3]} 30. Bf5 {[%clk 0:39:08.4]} Bxf5 {[%clk 0:28:00.7]} 31. exf5 {[%clk 0:39:07.0]} Kc5 {[%clk 0:26:08.6]} 32. Kd3 {[%clk 0:39:03.3]} Kb4 {[%clk 0:24:28.9]} 33. Kc2 {[%clk 0:39:06.3]} Kc4 {[%clk 0:24:37.3]} 34. g4 {[%clk 0:39:13.9]} Kd4 {[%clk 0:24:16.4]} 35. Kd2 {[%clk 0:39:15.4] Black offered a draw.} Ke4 {[%clk 0:22:54.6]} 36. Ke2 {[%clk 0:39:18.8] Black offered a draw.} Kf4 {[%clk 0:21:47.5]} 37. Kf2 {[%clk 0:39:25.4]} h5 {[%clk 0:21:16.6]} 38. gxh5 {[%clk 0:39:12.5] Black offered a draw.} Kg5 {[%clk 0:19:07.6]} 39. h4+ {[%clk 0:38:16.4]} Kxh5 {[%clk 0:18:01.4]} 40. Kg3 {[%clk 0:38:22.0]} a6 {[%clk 0:18:04.8]} 41. b4 {[%clk 0:38:14.4]} Kh6 {[%clk 0:18:10.8]} 42. Kg4 {[%clk 0:38:20.2] Black offered a draw.} Kh7 {[%clk 0:16:02.2]} 43. Kf4 {[%clk 0:37:20.3]} Kh6 {[%clk 0:16:08.6]} 44. Ke4 {[%clk 0:36:57.6]} Kh5 {[%clk 0:16:14.7]} 45. Kd5 {[%clk 0:36:16.6]} Kxh4 {[%clk 0:16:20.7]} 46. Ke4 {[%clk 0:36:19.9]} Kg5 {[%clk 0:16:27.7]} 47. Kd5 {[%clk 0:36:23.5]} Kxf5 {[%clk 0:16:35.9]} 48. Kc6 {[%clk 0:36:30.5]} Ke6 {[%clk 0:16:43.5]} 49. Kb6 {[%clk 0:36:38.5]} f5 {[%clk 0:16:52.3]} 50. Kxa6 {[%clk 0:36:46.7]} f4 {[%clk 0:17:01.0]} 51. b5 {[%clk 0:36:54.8]} f3 {[%clk 0:17:09.7]} 52. b6 {[%clk 0:36:57.5]} f2 {[%clk 0:17:18.0]} 53. b7 {[%clk 0:37:05.3]} f1=Q+ {[%clk 0:17:24.1]} 54. Ka7 {[%clk 0:37:13.0] White offered a draw.} Qa1+ {[%clk 0:16:52.0]} 55. Kb6 {[%clk 0:37:13.7]} Qb2+ {[%clk 0:16:56.1]} 56. Kc7 {[%clk 0:37:17.3]} Qc3+ {[%clk 0:17:01.4]} 57. Kb6 {[%clk 0:37:23.7]} Qb4+ {[%clk 0:17:08.7]} 58. Ka7 {[%clk 0:37:28.0]} Qa5+ {[%clk 0:17:12.2]} 59. Kb8 {[%clk 0:37:34.0]} Kd6 {[%clk 0:17:17.2]} 60. Kc8 {[%clk 0:37:36.3]} Qc7# {[%clk 0:17:24.8]} 0-1

[Event "Club 608 Online 1 - Open B (-1600)"]
[Date "2021.04.10"]
[Round "4.20"]
[White "Remtoula, Jamal"]
[Black "Danièle, Jeanson"]
[Result "0-1"]
[BlackElo "1099"]
[WhiteElo "1070"]

{White stopped clock for 866 seconds. Clock started by Arbiter. Arbiter stopped clock for 10 seconds.} 1. d4 {[%clk 0:49:50.8]} Nf6 {[%clk 0:49:14.3]} 2. Nf3 {[%clk 0:49:13.5]} g6 {[%clk 0:49:13.2]} 3. g3 {[%clk 0:48:41.3]} Bg7 {[%clk 0:49:17.3]} 4. Bg2 {[%clk 0:48:42.3]} d6 {[%clk 0:49:09.5]} 5. 0-0 {[%clk 0:48:12.8]} 0-0 {[%clk 0:48:54.8]} 6. Bf4 {[%clk 0:46:33.8]} Bg4 {[%clk 0:48:19.3]} 7. Nfd2 {[%clk 0:42:59.8]} Nc6 {[%clk 0:47:48.5]} 8. Nb3 {[%clk 0:41:56.8]} a5 {[%clk 0:46:43.8]} 9. Nc3 {[%clk 0:41:41.1]} a4 {[%clk 0:46:38.8]} 10. Nc1 {[%clk 0:40:30.1]} Ra5 {[%clk 0:44:10.4]} 11. Re1 {[%clk 0:37:16.6]} Nh5 {[%clk 0:43:31.6]} 12. d5 {[%clk 0:33:26.1]} Nd4 {[%clk 0:41:32.6]} 13. Bf3 {[%clk 0:32:39.1]} Nxf3+ {[%clk 0:40:50.6]} 14. exf3 {[%clk 0:32:18.1]} Bh3 {[%clk 0:40:10.9]} 15. Nd3 {[%clk 0:28:30.7]} a3 {[%clk 0:38:26.1]} 16. Qd2 {[%clk 0:23:49.0]} axb2 {[%clk 0:36:52.5]} 17. Nxb2 {[%clk 0:23:28.4]} e5 {[%clk 0:34:17.4]} 18. Be3 {[%clk 0:20:59.0]} f5 {[%clk 0:33:12.7]} 19. Qc1 {[%clk 0:16:20.6]} f4 {[%clk 0:32:49.3]} 20. g4 {[%clk 0:13:11.1]} Nf6 {[%clk 0:27:03.9]} 21. Bd2 {[%clk 0:10:37.4]} Nxg4 {[%clk 0:26:53.5]} 22. fxg4 {[%clk 0:10:07.6]} Qg5 {[%clk 0:26:57.2]} 23. f3 {[%clk 0:09:26.2]} Qh4 {[%clk 0:25:27.2]} 24. Ne4 {[%clk 0:08:11.2]} Ra3 {[%clk 0:24:11.9]} 25. Nd3 {[%clk 0:06:35.3]} Rxd3 {[%clk 0:21:09.1]} 26. cxd3 {[%clk 0:05:47.5]} h5 {[%clk 0:20:46.6]} 27. Nf2 {[%clk 0:04:50.9]} hxg4 {[%clk 0:20:24.7]} 28. Nxh3 {[%clk 0:04:53.4]} Qxh3 {[%clk 0:20:18.8]} 29. fxg4 {[%clk 0:04:46.1]} Qxg4+ {[%clk 0:20:23.1]} 30. Kh1 {[%clk 0:04:47.5]} Qf3+ {[%clk 0:20:19.7]} 31. Kg1 {[%clk 0:04:39.6]} Rf5 {[%clk 0:20:08.0]} 32. Qxc7 {[%clk 0:04:31.2]} Rg5# {[%clk 0:20:09.1]} 0-1

[Event "Club 608 Online 1 - Open C (-1200)"]
[Date "2021.04.10"]
[Round "5.1"]
[White "Aurélien, Alata"]
[Black "92270, Anais"]
[Result "1-0"]
[BlackElo "1009"]
[WhiteElo "1061"]

{Clock started by Black.} 1. d4 {[%clk 0:50:03.3]} d5 {[%clk 0:50:07.1]} 2. c4 {[%clk 0:50:08.9]} c6 {[%clk 0:50:11.5]} 3. Nf3 {[%clk 0:50:14.1]} Nf6 {[%clk 0:50:17.9]} 4. Bf4 {[%clk 0:50:18.2]} Bf5 {[%clk 0:50:14.5]} 5. e3 {[%clk 0:50:19.1]} e6 {[%clk 0:50:12.6]} 6. c5 {[%clk 0:50:22.4]} Be7 {[%clk 0:50:15.7]} 7. Nc3 {[%clk 0:50:19.6]} 0-0 {[%clk 0:50:21.1]} 8. h3 {[%clk 0:50:21.3]} h6 {[%clk 0:50:25.9]} 9. Be2 {[%clk 0:50:25.1]} Bh7 {[%clk 0:50:31.5]} 10. 0-0 {[%clk 0:50:10.0]} b6 {[%clk 0:50:17.6]} 11. b4 {[%clk 0:50:12.6]} bxc5 {[%clk 0:50:04.2]} 12. bxc5 {[%clk 0:49:59.5]} a5 {[%clk 0:50:04.9]} 13. a4 {[%clk 0:49:57.3]} Na6 {[%clk 0:50:06.6]} 14. Ne5 {[%clk 0:49:23.9]} Nb4 {[%clk 0:49:59.0]} 15. Na2 {[%clk 0:49:00.0]} Bc2 {[%clk 0:49:18.0]} 16. Qd2 {[%clk 0:48:31.1]} Ne4 {[%clk 0:48:55.9]} 17. Qc1 {[%clk 0:47:47.4]} Bxa4 {[%clk 0:48:07.8]} 18. Nxb4 {[%clk 0:46:51.1]} axb4 {[%clk 0:48:14.1]} 19. Nxc6 {[%clk 0:45:25.2]} Bxc6 {[%clk 0:48:07.2]} 20. Rb1 {[%clk 0:45:17.8]} Nc3 {[%clk 0:47:59.5]} 21. Rb2 {[%clk 0:45:09.3]} Ra3 {[%clk 0:46:34.1]} 22. Rc2 {[%clk 0:44:38.9]} Ra2 {[%clk 0:45:52.1]} 23. Rxa2 {[%clk 0:43:50.9]} Nxa2 {[%clk 0:45:58.0]} 24. Qb2 {[%clk 0:43:45.7]} Nc3 {[%clk 0:45:43.1]} 25. Bf3 {[%clk 0:43:43.6]} Bb5 {[%clk 0:44:49.1]} 26. Rc1 {[%clk 0:42:50.1]} Qa5 {[%clk 0:44:10.9]} 27. Ra1 {[%clk 0:42:09.6]} Ba4 {[%clk 0:44:12.1]} 28. g3 {[%clk 0:37:28.8]} Qb5 {[%clk 0:43:08.9]} 29. Bg2 {[%clk 0:36:32.9]} Re8 {[%clk 0:41:01.3]} 30. Bf1 {[%clk 0:36:22.3]} Qa5 {[%clk 0:40:35.8]} 31. Bd3 {[%clk 0:36:17.9]} b3 {[%clk 0:39:43.8]} 32. Qxb3 {[%clk 0:34:47.6]} Bxb3 {[%clk 0:39:47.5]} 33. Rxa5 {[%clk 0:34:52.8]} Ba4 {[%clk 0:39:14.7]} 34. Kf1 {[%clk 0:33:39.6]} Bd8 {[%clk 0:39:02.7]} 35. Ra8 {[%clk 0:33:20.9]} Bc6 {[%clk 0:39:01.1]} 36. Ra6 {[%clk 0:32:08.7]} Bb5 {[%clk 0:38:03.6]} 37. Bxb5 {[%clk 0:31:50.5]} Nxb5 {[%clk 0:38:09.8]} 38. Ra8 {[%clk 0:31:32.5]} Kh7 {[%clk 0:38:03.0]} 39. Rb8 {[%clk 0:31:28.7]} Na7 {[%clk 0:37:25.5]} 40. Bc7 {[%clk 0:30:14.2]} Nc6 {[%clk 0:37:28.1]} 41. Rc8 {[%clk 0:29:58.7]} Rg8 {[%clk 0:37:05.6]} 42. Bxd8 {[%clk 0:29:56.7]} Nxd8 {[%clk 0:36:48.9]} 43. c6 {[%clk 0:29:49.6]} Nxc6 {[%clk 0:36:16.0]} 44. Rxc6 {[%clk 0:29:48.1]} Kg6 {[%clk 0:36:18.2]} 45. Ke2 {[%clk 0:29:55.6]} Kf5 {[%clk 0:36:25.8]} 46. Kf3 {[%clk 0:30:00.8]} g5 {[%clk 0:36:32.7]} 47. Rc7 {[%clk 0:29:43.7]} Rg7 {[%clk 0:36:15.7]} 48. g4+ {[%clk 0:29:38.1]} Kf6 {[%clk 0:36:17.6]} 49. Kg3 {[%clk 0:29:36.8]} e5 {[%clk 0:36:07.8]} 50. Rc6+ {[%clk 0:29:25.9]} Ke7 {[%clk 0:36:13.8]} 51. h4 {[%clk 0:29:20.5]} gxh4+ {[%clk 0:36:18.5]} 52. Kxh4 {[%clk 0:29:25.9]} exd4 {[%clk 0:36:25.4]} 53. exd4 {[%clk 0:29:30.7]} Kd7 {[%clk 0:36:23.6]} 54. Rxh6 {[%clk 0:29:35.7]} Ke7 {[%clk 0:36:02.3]} 55. f4 {[%clk 0:29:30.5]} f6 {[%clk 0:36:03.1]} 56. g5 {[%clk 0:29:11.7]} fxg5+ {[%clk 0:35:48.2]} 57. fxg5 {[%clk 0:29:15.6]} Kf7 {[%clk 0:35:46.8]} 58. Rd6 {[%clk 0:29:10.6]} Rh7+ {[%clk 0:35:42.2]} 59. Kg4 {[%clk 0:29:14.4]} Ke7 {[%clk 0:35:30.6]} 60. Ra6 {[%clk 0:29:11.1]} Rh8 {[%clk 0:35:18.5]} 61. Rh6 {[%clk 0:29:11.4]} Rxh6 {[%clk 0:34:20.4]} 62. gxh6 {[%clk 0:29:17.6]} Kf7 {[%clk 0:34:08.2]} 63. Kf5 {[%clk 0:29:23.7]} Kg8 {[%clk 0:34:14.8]} 64. Ke5 {[%clk 0:29:31.9]} Kh7 {[%clk 0:34:22.5]} 65. Kxd5 {[%clk 0:29:40.1]} Kxh6 {[%clk 0:34:31.4]} 66. Ke6 {[%clk 0:29:48.7]} Kg6 {[%clk 0:34:39.3]} 67. d5 {[%clk 0:29:55.7]} Kg7 {[%clk 0:34:45.8]} 68. Ke7 {[%clk 0:30:03.8]} Kg6 {[%clk 0:34:52.0]} 69. d6 {[%clk 0:30:12.1]} Kf5 {[%clk 0:34:59.8]} 70. d7 {[%clk 0:30:20.5]} Kf4 {[%clk 0:35:08.2]} 71. d8=Q {[%clk 0:30:27.7]} Ke4 {[%clk 0:35:08.6]} 72. Qd6 {[%clk 0:30:33.3]} Ke3 {[%clk 0:35:10.2]} 73. Qb4 {[%clk 0:30:39.9]} Kd3 {[%clk 0:35:17.0]} 74. Kd6 {[%clk 0:30:45.8]} Ke3 {[%clk 0:35:23.8]} 75. Ke5 {[%clk 0:30:53.2]} Kd3 {[%clk 0:35:27.3]} 76. Qd4+ {[%clk 0:31:00.8]} Ke2 {[%clk 0:35:33.9]} 77. Qc3 {[%clk 0:31:08.6]} Kf2 {[%clk 0:35:39.3]} 78. Kf4 {[%clk 0:31:16.5]} Ke2 {[%clk 0:35:43.9]} 79. Qe3+ {[%clk 0:31:22.3]} Kd1 {[%clk 0:35:44.0]} 80. Qf2 {[%clk 0:31:29.9]} Kc1 {[%clk 0:35:49.9]} 81. Ke3 {[%clk 0:31:38.2]} Kb1 {[%clk 0:35:54.0]} 82. Kd3 {[%clk 0:31:46.6]} Ka1 {[%clk 0:35:59.2]} 83. Kc3 {[%clk 0:31:52.8]} Kb1 {[%clk 0:36:01.2]} 84. Qb2# {[%clk 0:31:59.9]} 1-0